000 004160000a22001690004500
003 MACL
005 20151227150801.0
008 151227b xxu||||| |||| 00| 0 eng d
040 _aMACL
_cmacl
041 _aEnglish
082 _a025/RAN
100 _aRanganathan, S R
_923371
245 _aColon Classification
260 _bS R ranganathan
650 _aLibrary & information
_923372
942 _cBK
_k025/Ran
_2ddc
999 _c34095
_d34095